000 00499nam a2200193Ia 4500
005 20250508160729.0
008 008 250505s9999 xx 000 0 eng d
020 _a04-954008-4
037 _aTextual
040 _aFEDL
_beng
_cFEDL
041 _aeng
_2eng
084 _a297, MUJ
_qFEDL
100 _aMujeeb M.
245 0 _aIndian Muslims
260 _aLondon, UK
_bGeorge Allen and Unwin Ltd.
_c1967
300 _a590p
942 _cTEXL
_h297, MUJ
999 _c1366292
_d1366292